RECURSIVE TREATMENT OF ONE-DIMENSIONAL INTERACTING RANDOM WALKS

Bibliographic Details
Main Authors: Dieterle, Stefan (Author), Ziegler, Klaus (Author)
Format: Article
Language:English
ISBN:8022709778

MARC

LEADER 00000naa a2200000uu 4500
001 vtls011089253
003 SK-MaSNL
005 20260302105908.0
008 210905|1997 xo |||||||||||||||||eng|
015 |a SNBRA 
035 |a (urnnbn)urn:nbn:sk:snk:ar-a0cp0v 
035 |a (uuid)09239373-db05-4432-ae9b-cd2c27dc509a 
035 |a urn:nbn:sk:snk-aavut8 
040 |a SNKBUCL  |b slo  |c SNKBUCL  |e AACR2 
041 0 |a eng 
044 |a xo  |c SK 
100 1 |a Dieterle, Stefan  |4 aut  |9 785223 
245 1 0 |a RECURSIVE TREATMENT OF ONE-DIMENSIONAL INTERACTING RANDOM WALKS  |c Stefan Dieterle, Klaus Ziegler 
700 1 |a Ziegler, Klaus  |4 aut  |9 785224 
773 0 |t Algoritmy '97  |d Bratislava : Slovak Technical University, 1997, 1997  |g S. 23-31  |z 8022709778 
958 |a OND 
958 |a article12 
958 |a chapter 
999 |c 1240738  |d 1242668